Music Quiz

Random Music or Bands Quiz

Origin of names of prog-rock bands Quiz Stats

 Plays Quiz not verified by Sporcle

Support Sporcle.
Go Orange.
Score 0/17 Timer 05:00
0 Plays Today
Hint Band % Correct
'Affirmative'Yes
90.7%
One of the Books of the TorahGenesis
82.3%
Head of state, deep red colourKing Crimson
79.2%
A U.S. stateKansas
76%
18th-century agriculturistJethro Tull
75.9%
Given names of two blues musicians, _ Anderson and _ CouncilPink Floyd
70.3%
An electrostatic generator invented by an American physicistVan der Graaf Generator
63.4%
The hypernym of dromedaryCamel
60.6%
A group of vehicles traveling togetherCaravan
58.1%
Hint Band % Correct
A sudden, pleasurable effectRush
54.2%
American essayist, a body of liquid, an archipelago off the coast of AntarcticaEmerson, Lake & Palmer
45.3%
Center of interestFocus
26.5%
A mythical creature with the body of a lionGryphon
22.1%
A zygoteEgg
20%
A flat metal discGong
12.8%
A post-human race in a sci-fi novelEloy
9.7%
Cities in Iran (slightly changed) and TurkeyYezda Urfa
3.2%

You're not logged in!

Compare scores with friends on all Sporcle quizzes.
OR
Log In

From the Vault

Remove Ads.
Support Sporcle.
Get the best of Sporcle when you Go Orange. This ad-free experience offers more features, more stats, and more fun while also helping to support Sporcle. Thank you for becoming a member.

Show Comments

Extras

Top Quizzes Today


Score Distribution

Your Account Isn't Verified!

In order to create a playlist on Sporcle, you need to verify the email address you used during registration. Go to your Sporcle Settings to finish the process.

Report this User

Report this user for behavior that violates our Community Guidelines.

Details: